[Event "Vereinsjugendmeisterschaft 2024"]
[Site "Steinfurt"]
[Date "2024.05.19"]
[Round "3.10"]
[White "Boulenger-Rouselle, Elrik-Jona"]
[Black "Bernemann, Felix"]
[Result "0-1"]
[WhiteElo "750"]
[BlackElo "750"]
[Annotator "Taktische Analyse 6.4"]
[PlyCount "48"]
[Beauty "8247947823622"]
[GameId "2049957520395647"]
[EventDate "2024.??.??"]
[WhiteTeam "SC Steinfurt 1996 e. V."]
[BlackTeam "SC Steinfurt 1996 e. V."]

{[%evp 9,48,35,221,-338,-334,-430,-413,-563,-559,-678,-669,-741,-733,-789,-789,-946,-923,-29985,-1111,-29978,-1019,-29987,-964,-29992,-1112,-29993,-29990,-29993,-29992,-29992,-29992,-29993,-29992,-29994,-29994,-29994,-29995,-29999,-29999,-29999,-29998]} 1. c3 e5 2. Nf3 Nc6 3. h3 Bc5 $146 ({Vorgänger:} 3... d5 4. b4 a6 5. a4 Nf6 6. b5 axb5 7. axb5 Rxa1 8. Bb2 Ra5 9. bxc6 Rb5 {0-1 Fonseca Paternina,A-Maldonado Barrera,O (1465) Cartagena Fonducar Juniors Cup 5th 2013 (2.13)}) 4. e3 d6 5. a4 Bf5 $2 {[%eval 221,24] [%wdl 986,14,0] [#]} (5... d5 $14 {[%eval 35,27] [%wdl 102,888,10]}) 6. Nxe5 $4 {[%eval -338,20] [%wdl 0,0,1000][%mdl 8192] A00: Unregelmäßige Eröffnungen.} dxe5 $19 7. g3 Nf6 (7... Qd5 8. Rh2 $19) 8. e4 {Schwarz steht auf Gewinn.} Bxe4 9. Na3 Bxh1 10. Nb5 a6 11. h4 axb5 12. axb5 Rxa1 13. g4 Na5 {[%eval -1111,22] [%wdl 0,0,1000]} (13... Bxf2+ $142 {[%eval -32737,24] [%wdl 0,0,1000]} 14. Ke2 Bxh4 15. d4 Bf3+ {[%mdl 64] Hinlenkung} (15... Qd5 16. Qd3 Rxc1 17. bxc6 Ne4 18. Qf3 Nxc3+ {[%mdl 64] Ablenkung, Räumung} 19. Qxc3 Qe4+ 20. Qe3 Bf3+ 21. Kd2 Qc2#) 16. Kxf3 Qd5+ 17. Ke2 Qe4+ (17... Qxb5+ $2 18. Kd2 $19) 18. Be3 Qxg4+ (18... Rxd1 19. Kxd1 Qb1+ 20. Bc1 Nxg4 21. Bc4 e4 22. bxc6 Ne3+ {[%csl Oc4,Od1][%mdl 64] Überlastung, Doppelangriff} 23. Ke2 Qc2+ 24. Bd2 Qd1+ 25. Kxe3 Qf3#) 19. Kd3 e4+ (19... Rxd1+ 20. Kc2 Rxf1 21. Bc1 Qd1+ 22. Kb1 Qxc1+ 23. Ka2 Qc2 24. bxc6 Qa4#) 20. Kc4 Ra4+ (20... Rxd1 21. bxc6 Rxf1 22. cxb7 Qe2+ 23. Kb4 Nd5+ 24. Ka3 Qa6+ 25. Kb3 Qb5+ 26. Kc2 Nxe3+ 27. Kd2 Qd3#) (20... Qxd1 21. Bg2 Na5+ 22. Kc5 b6+ 23. Kb4 Nd5#) 21. Qxa4 Qe6+ 22. Kc5 Nd7#) 14. f3 c6 {[%eval -1019,22] [%wdl 0,0,1000]} (14... Nd5 $142 {[%eval -32723,23] [%wdl 0,0,1000]} 15. g5 Bxf3 (15... Nb3 $2 16. Bg2 $19) 16. Be2 Bxe2 {[%mdl 64] Ablenkung} 17. Qxe2 Rxc1+ 18. Qd1 Bf2+ (18... Rxd1+ {führt zum Matt.} 19. Kxd1 Ne3+ 20. Ke2 Nac4 21. d3 Qd5 22. Ke1 Qxd3 23. Kf2 Qf1+ 24. Kg3 Qg2#) 19. Kxf2 Rxd1 20. d4 exd4 21. h5 Qxg5 22. Ke2 Rd2+ (22... Qxh5+ 23. Kf2 Rd2+ 24. Kg3 Qg5+ 25. Kh3 Nf4#) (22... Rg1 $2 23. Kd3 Qe3+ 24. Kc2 Qe2#) 23. Kf1 Qg2+ 24. Ke1 Qf2#) 15. h5 cxb5 {[%eval -964,24] [%wdl 0,0,1000]} (15... Nd5 $142 {[%eval -32741,29] [%wdl 0,0,1000]} 16. d4 Qh4+ 17. Kd2 Nb3+ {[%csl Oc1,Od2,Od4][%mdl 64] Doppelangriff} (17... exd4 $2 18. Qe2+ Be7 19. Kc2 $19) 18. Kc2 Rxc1+ (18... Nxc1 19. Qd2 exd4 20. cxd4 Bxf3 21. dxc5 Be4+ 22. Bd3 Qg3 23. bxc6 Bxd3+ 24. Kd1 Qf3+ 25. Ke1 Qf1#) 19. Kxb3 Rxd1 20. bxc6 Rxf1 (20... exd4 $2 21. Bg2 $19) 21. Ka4 Qf2 (21... exd4 22. Kb3 Qd8 23. cxb7 Ne3 24. cxd4 Qd5+ 25. Kc3 Qxd4+ 26. Kb3 Qc4#) 22. c7 Qc2+ (22... exd4 23. c8=Q+ Ke7 24. Qf5 Ra8+ 25. Kb3 dxc3 26. Qe5+ Kf8 27. h6 Qxb2+ 28. Kc4 Ra4+ 29. Kxd5 Bxf3+ 30. Qe4 Bxe4+ 31. Kxc5 Qb4#) 23. Kb5 Qxb2+ 24. Kxc5 Qxc3+ (24... Nxc7 {ist ein Selbstmatt.} 25. g5 Re1 26. dxe5 Qb5+ 27. Kd6 Qxe5#) 25. Kd6 Qxc7+ 26. Kxd5 Bxf3#) 16. Bh3 b4 {[%eval -1112,21] [%wdl 0,0,1000]} (16... Nd5 $142 {[%eval -32751,29] [%wdl 0,0,1000]} 17. d4 Qh4+ 18. Ke2 Qxh3 19. Kf2 Qg2+ (19... Nb3 {wird mattgesetzt.} 20. Ke1 Bxf3 21. g5 Qh1+ 22. Kf2 Qg2+ 23. Ke1 Qg1#) 20. Ke1 Nb3 {[%mdl 64] Ablenkung} 21. Qxb3 Rxc1+ 22. Qd1 Nf4 23. Qxc1 Qe2#) 17. cxb4 Bxb4 {Schwarz setzt Matt.} 18. b3 Nd5 19. g5 O-O 20. h6 gxh6 21. gxh6 Qh4+ 22. Ke2 Qxh3 23. d3 Bxf3+ 24. Kf2 Bxd1 {Weiß wurde aus der Eröffnung heraus überfahren.   Gewichteter Fehlerwert: Weiß=2.25/Schwarz=1.26.  Ungenau:       	Weiß=1     	---        OK:         	---       	Schwarz=2} 0-1

[Event "Vereinsjugendmeisterschaft 2024"]
[Site "Steinfurt"]
[Date "2024.05.19"]
[Round "3.13"]
[White "Krumbeck, Maya"]
[Black "Anders, Linus"]
[Result "0-1"]
[WhiteElo "774"]
[BlackElo "751"]
[Annotator "Taktische Analyse 6.4"]
[PlyCount "60"]
[Beauty "8246739890694"]
[GameId "2049957520424322"]
[EventDate "2024.??.??"]
[WhiteTeam "SC Steinfurt 1996 e. V."]
[BlackTeam "SC Steinfurt 1996 e. V."]

{[%evp 9,59,-39,-37,-279,-237,-549,-411,-568,-565,-604,-498,-647,-542,-639,-629,-687,-593,-688,-694,-692,-686,-687,-665,-661,-649,-753,-503,-502,444,-404,-378,-732,-723,-750,-683,-721,-657,-657,-604,-788,-685,-992,-950,-29986,-29987,-29994,-29986,-29994,-29987,-29998,-29999,-29999]} 1. e4 e5 2. Nf3 Nc6 {[%cal Bb8c6,Bc6d4,Bd4c2,Bc2a1][%mdl 32]} 3. Nc3 Nf6 4. Bc4 Bc5 5. Ng5 O-O $1 6. Qf3 $2 {[%eval -279,22] [%wdl 0,2,998] C55: Zweispringerspiel.} (6. d3 $15 {[%eval -37,25] [%wdl 9,881,110]}) 6... Nd4 7. Qh3 {[%eval -549,22] [%wdl 0,0,1000]} (7. Qd1 {[%eval -237,23] [%wdl 0,8,992]}) 7... h6 $146 ({Vorgänger:} 7... d5 8. exd5 Bxh3 9. O-O Bd7 10. Re1 h6 11. Rxe5 hxg5 12. Rxg5 Qe7 13. b3 Qe1+ 14. Bf1 Ne2+ 15. Nxe2 Qxf2+ 16. Kh1 Qxf1+ {0-1 Zdanovskii,A-Patapovich,M (1275) Kaliningrad Amateur U20 2019 (3.10)}) 8. Nf3 {Schwarz steht auf Gewinn.} Nxc2+ 9. Kf1 Nxa1 10. Nxe5 d6 11. Qf3 dxe5 12. Nd5 Bg4 13. Qg3 Nxe4 14. Qxg4 Nxf2 15. Qf5 Nxh1 16. Bd3 g6 (16... Qxd5 17. Qh7#) 17. Nf6+ Qxf6 18. Qxf6 {[%cal Od3c4] [#] Schwarz muss nun Lc4! beachten.} Rfd8 $4 {[%eval 444,26] [%wdl 1000,0,0][%mdl 8192]} (18... Rad8 $19 {[%eval -502,23] [%wdl 0,0,1000] und alles wird gut.} 19. Bb1 Nf2) 19. b4 $4 {[%eval -404,27] [%wdl 0,0,1000][%mdl 8192]} (19. Bc4 $18 {[%eval 444,26] [%wdl 1000,0,0] nur so kann Weiss gewinnen.} Kh7 20. d4) 19... Rxd3 (19... Bxb4 $2 {ist das falsche Schlagen.} 20. Bc4 Rd7 (20... Bxd2 21. Bxf7+ Kh7 22. Bxg6+ Kg8 23. Qf7+ Kh8 24. Qh7#) 21. Qxg6+ Kf8 22. Qxh6+ Ke7 (22... Kg8 $2 23. Qg6+ Kf8 24. Qf6 $18) 23. Qg5+ Kf8 24. d3 $18) 20. Bb2 $2 {[%eval -732,24] [%wdl 0,0,1000]} (20. bxc5 {[%eval -378,30] [%wdl 0,0,1000]} Re8 21. Ke2) 20... Bd4 $19 ({Minderwertig wäre} 20... Bxb4 21. Bxe5 Kf8 (21... Ng3+ $2 22. hxg3 Kf8 23. Qh8+ {[%csl Of8,Oh6][%mdl 64] Spiess, Doppelangriff} Ke7 24. Qxa8 $18) 22. Qh8+ Ke7 23. Qxa8 Rxd2 24. Qxb7 $11) 21. Bc1 e4 22. Qh4 Bf2 23. Qxe4 Rad8 24. Bb2 {[#]} Bg3 $1 25. Qg4 (25. Qxd3 Rxd3) 25... Bxh2 26. Qh4 Ng3+ {Schwarz setzt Matt.} 27. Kf2 Nh1+ 28. Ke2 Ng3+ 29. Kd1 Rxd2+ 30. Kc1 Rd1# {Gewichteter Fehlerwert: Weiß=1.28/Schwarz=0.81.  Gewinn verpasst:   	Weiß=1     	---        Fehler:       	Weiß=2     	---        Ungenau:       	Weiß=1     	---        OK:         	Weiß=1     	Schwarz=1} 0-1

[Event "Vereinsjugendmeisterschaft 2024"]
[Site "Steinfurt"]
[Date "2024.05.19"]
[Round "3.14"]
[White "Castillo, Valeria"]
[Black "Ricker, Liam"]
[Result "0-1"]
[WhiteElo "750"]
[BlackElo "752"]
[Annotator "Taktische Analyse 6.4"]
[PlyCount "118"]
[Beauty "6464999557697"]
[GameId "2049957520432515"]
[EventDate "2024.??.??"]
[WhiteTeam "SC Steinfurt 1996 e. V."]
[BlackTeam "SC Steinfurt 1996 e. V."]

{[%evp 9,117,-11,70,64,293,38,285,236,240,87,93,97,425,421,397,301,340,247,484,0,0,0,0,0,0,-29994,131,146,141,141,387,252,265,227,224,223,528,376,454,248,450,451,463,404,573,532,609,558,590,507,492,-29987,-29988,-29988,-29989,-29997,-210,-29951,-29954,-29998,-29999,-29999,-287,-1032,-830,-653,-70,-601,-602,-602,-597,-773,-716,-7297,-886,-2705,-947,-8850,-8850,-8850,-3044,-881,-997,-8850,-1020,-29982,-29985,-29982,-29983,-29982,-29979,-29985,-29986,-29991,-29992,-29992,-29993,-29995,-29995,-29995,-29992,-29998,-29994,-29996,-29997,-29997,-29998,-29998,-29999,-29999]} 1. e4 e6 2. Bc4 d6 3. Nf3 Nf6 4. O-O h5 $146 ({Vorgänger:} 4... Nxe4 5. Qe2 Nc5 6. a3 Be7 7. b4 Ncd7 8. Bb2 Bf6 9. c3 O-O 10. d4 Re8 {0-1 Mukasa,J-Nsubuga,B UGA-chT Kampala 2018 (4.2)}) 5. a4 d5 {[%eval 70,25] [%wdl 280,717,3]} ({Besser ist} 5... Nxe4 $11 {[%eval -11,27] [%wdl 22,930,48]} 6. d4 Be7) 6. exd5 {C00: Französische Verteidigung (Seltene Züge).} Bd6 $2 {[%eval 293,25] [%wdl 999,1,0]} (6... exd5 $14 {[%eval 64,23] [%wdl 236,760,4]} 7. Bb3 Be7) 7. d3 $2 {[%eval 38,24] [%wdl 114,877,9]} (7. Qe2 $18 {[%eval 293,25] [%wdl 999,1,0]}) 7... e5 $2 {[%eval 285,24] [%wdl 998,2,0]} (7... exd5 $14 {[%eval 38,24] [%wdl 114,877,9]} 8. Bb3 O-O) 8. Na3 {Weiß hat entscheidenden Vorteil.} Bg4 9. Qe1 $2 {[%eval 87,24] [%wdl 406,593,1]} (9. Re1 $18 {[%eval 240,27] [%wdl 993,7,0] und Weiss behält klar die Oberhand.}) 9... Bxf3 $16 10. gxf3 {f4 ist eine echte Drohung.} Rh6 $2 {[%eval 425,20] [%wdl 1000,0,0][%mdl 8192]} 11. Bxh6 $18 gxh6 12. c3 Nh7 13. b4 e4 $2 {[%eval 484,21] [%wdl 1000,0,0]} (13... Kf8 {[%eval 247,25] [%wdl 997,3,0] kämpft weiter.} 14. Qe4 Kg7) 14. dxe4 $2 {[%eval 0,66] [%wdl 16,968,16]} (14. fxe4 Qg5+ 15. Kh1 Qf4 $11) ({Günstiger ist} 14. Qxe4+ $18 {[%eval 484,21] [%wdl 1000,0,0]} Kf8 15. Qxh7) 14... Qg5+ $11 15. Kh1 {Schwarz muss nun Tg1 beachten.} Qe5 {[%csl Gd6][%cal Re5h2]} (15... Qf4 $5 16. e5 $8 Qxf3+ 17. Kg1 Qg4+ 18. Kh1 Qf3+ 19. Kg1 Qg4+ 20. Kh1 Qf3+ $11) 16. f4 $1 Qxf4 {[%csl Gd6][%cal Rf4h2]} 17. Kg2 {[%eval -32755,31] [%wdl 0,0,1000][%mdl 8192] [#]} (17. e5 $11 {[%eval 0,66] [%wdl 16,968,16]} Qf3+ 18. Kg1 Qg4+ 19. Kh1 Qf3+ 20. Kg1 Qg4+ 21. Kh1 Qf3+) 17... Qxh2+ $2 {[%eval 131,20] [%wdl 803,197,0]} (17... Qg4+ $1 {[%eval -32755,31] [%wdl 0,0,1000]} 18. Kh1 Qf3+ 19. Kg1 Ng5 20. Bb5+ c6 21. Bxc6+ bxc6 22. dxc6 Nh3#) 18. Kf3 $16 {[%cal Bg2f3,Bf3e2,Be2d1][%mdl 32]} Ng5+ 19. Ke2 Qh4 $2 {[%eval 387,20] [%wdl 1000,0,0]} (19... Nd7 $16 {[%eval 141,27] [%wdl 864,136,0]}) 20. Kd1 {Droht stark e5.} Qg4+ 21. f3 Nxf3 22. Qe2 Bf4 $2 {[%eval 528,20] [%wdl 1000,0,0]} (22... Ne5 {[%eval 223,25] [%wdl 997,3,0]} 23. Kc2 Nbd7) 23. Nc2 Nd7 24. Nd4 {[%eval 248,25] [%wdl 999,1,0]} (24. Qxf3 $142 {[%eval 454,23] [%wdl 1000,0,0]} Bg5 25. Be2 Qxf3 26. Bxf3 (26. Rxf3 Nf6 $18)) 24... O-O-O $2 {[%eval 450,21] [%wdl 1000,0,0]} (24... Nfe5 {[%eval 248,25] [%wdl 999,1,0]} 25. Qxg4 {[%mdl 64] Verteidiger eliminieren} hxg4 26. Rxf4 Nxc4) 25. Nxf3 $18 ({Viel schwächer ist} 25. Qxf3 Bg5 26. Be2 Qxf3 27. Bxf3 (27. Nxf3 Bf6 $18) (27. Rxf3 f6 $18) 27... Nf6) 25... Re8 26. d6 Re6 {[%eval 573,24] [%wdl 1000,0,0]} (26... Bxd6 {[%eval 404,25] [%wdl 1000,0,0] ist wohl besser.} 27. Nd2 (27. Bxf7 Rxe4 28. Qd3 Rf4 $18) 27... Ne5) 27. Bxe6 fxe6 28. dxc7 Kxc7 29. c4 Qg7 {[#]} 30. c5 $4 {[%eval -32741,24] [%wdl 0,0,1000][%mdl 8192]} Qxa1+ 31. Kc2 Qa2+ 32. Kd3 Qa3+ $2 {[%eval -210,26] [%wdl 0,3,997]} (32... Qb3+ {[%eval -32761,34] [%wdl 0,0,1000]} 33. Kd4 e5+ 34. Nxe5 Bxe5#) 33. Kd4 $2 {[%eval -32669,32] [%wdl 0,0,1000]} (33. Kc4 $19 {[%eval -210,26] [%wdl 0,3,997]} a5 (33... Qxa4 34. Nd4 $11) 34. Qe1) 33... Qxb4+ 34. Kd3 Nxc5+ 35. Kc2 Bd6 $2 {[%eval -287,24] [%wdl 0,0,1000]} (35... Qb3# {[%eval -32765,29] [%wdl 0,0,1000] setzt Matt}) 36. Rb1 $2 {[%eval -1032,22] [%wdl 0,0,1000]} (36. Nd2 {[%eval -287,24] [%wdl 0,0,1000]} Qxa4+ 37. Kb1) 36... Qxa4+ $19 37. Kc1 Na6 $2 {[%eval -70,27] [%wdl 0,848,152]} (37... Bf4+ $19 {[%eval -653,24] [%wdl 0,0,1000]} 38. Kb2 Qb3+ (38... Nxe4 $2 39. Qc2+ Qc6 40. Qxc6+ Kxc6 41. Kc2 $19) 39. Ka1 Qa3+ (39... Qc3+ $2 40. Ka2 $19) 40. Qa2 Qc3+ (40... Qxf3 $2 41. Qa5+ Kc6 42. Qb5+ Kd6 43. Ka2 $19) 41. Qb2 Qxf3) 38. Nd2 $2 {[%eval -601,29] [%wdl 0,0,1000][%mdl 8192]} (38. Qc2+ $15 {[%eval -70,27] [%wdl 0,848,152]} Qxc2+ 39. Kxc2) 38... Ba3+ 39. Rb2 Qd4 {[%mdl 64] Fesselung} 40. Kd1 Qxb2 {[%csl Ga3][%cal Rb2c1]} 41. Ke1 h4 42. Nf3 h3 43. e5 Qxe2+ 44. Kxe2 h5 45. Kf1 {[#]} h4 $1 {( -> ...Le7)} 46. Kg1 (46. Ng5 Nc5) 46... Bc5+ 47. Kf1 b5 {Schwarz setzt Matt.} 48. Ke1 {[#]} h2 $1 49. Nxh2 b4 50. Nf3 b3 51. Nxh4 b2 52. Ke2 b1=Q 53. Nf3 Qb5+ 54. Kd2 Bb4+ 55. Kd1 Qd5+ 56. Kc2 Qxf3 57. Kb2 Qc3+ 58. Ka2 Qc2+ 59. Ka1 Bc3# {Gewichteter Fehlerwert: Weiß=1.52/Schwarz=1.29.  Verlustzug:     	Weiß=1     	Schwarz=4     Gewinn verpasst:   	Weiß=3     	Schwarz=1     Fehler:       	Weiß=2     	Schwarz=4     Ungenau:       	Weiß=2     	---        OK:         	Weiß=4     	Schwarz=5     Bester:       	Weiß=1     	Schwarz=2     Stark:        	Weiß=1     	---} 0-1

[Event "Vereinsjugendmeisterschaft 2024"]
[Site "Steinfurt"]
[Date "2024.05.19"]
[Round "4.1"]
[White "Kirakosyan, Narek"]
[Black "Remen, Béla"]
[Result "1-0"]
[WhiteElo "1743"]
[BlackElo "1105"]
[Annotator "Admin"]
[PlyCount "64"]
[Beauty "8246605643782"]
[GameId "2056110787817663"]
[EventDate "2024.??.??"]
[WhiteTeam "SC Steinfurt 1996 e. V."]
[BlackTeam "SC Steinfurt 1996 e. V."]

{[%evp 10,64,3,3,23,3,13,-7,1,7,15,19,25,22,31,31,32,27,29,-7,41,53,80,84,86,-29998,11,9,18,21,59,23,50,-12,-9,-9,14,13,29,-11,1,0,5,0,0,0,150,150,140,141,397,394,520,113,112,61,462]} 1. d4 d5 2. Bf4 Nf6 3. e3 c5 4. c3 Nc6 5. Nf3 Qb6 6. Qc2 Bg4 {D02: Damenbauernspiele.} 7. Nbd2 e6 8. Be2 Rc8 {(=). Die Stellung ist ausgeglichen.} 9. Qb3 Qxb3 10. axb3 a6 $146 ({Vorgänger:} 10... cxd4 11. exd4 Nh5 12. Be3 a6 13. Bd3 Bd6 14. O-O Nf4 15. Bc2 h5 16. Rfe1 h4 {0-1 Gamero Brana,M-Madera Fernandez,F Asturias-ch Primera A Gijon 2000 (5)}) 11. h3 Bh5 12. g4 Bg6 13. Ne5 Nxe5 14. Bxe5 cxd4 15. exd4 Be7 16. h4 {h5 ist eine echte Drohung.} h6 17. O-O-O $2 {[%eval -32763,28] [%wdl 0,0,1000][%mdl 8192] [#]} (17. b4 $16 {[%eval 86,24] [%wdl 380,620,0]}) 17... Kf8 $2 {[%eval 11,30] [%wdl 24,967,9]} (17... Rxc3+ {[%eval -32763,28] [%wdl 0,0,1000] setzt Matt} 18. bxc3 Ba3#) 18. Rdg1 $11 {[%cal Bd1g1,Bg1g3,Bg3d3][%mdl 32]} Nd7 19. Bf4 b5 20. Rg3 Rc6 21. Bd3 {[%eval -12,24] [%wdl 7,973,20]} ({Günstiger ist} 21. h5 $14 {[%eval 50,25] [%wdl 103,896,1]} Bh7 22. Bd3) 21... Bxd3 22. Rxd3 Nf6 23. Rg3 b4 24. Rhh3 a5 {(=)} 25. Kc2 bxc3 26. Rxc3 Rxc3+ 27. Rxc3 Bb4 {[%eval 150,24] [%wdl 927,73,0]} (27... g5 $11 {[%eval 0,40] [%wdl 7,986,7]} 28. hxg5 hxg5 29. Bxg5 Rh2) 28. Rc8+ $16 Ne8 {[%cal Og7g5]} 29. Nf3 g6 $2 {[%eval 397,22] [%wdl 1000,0,0][%mdl 8192] [#]} (29... Rg8 $16 {[%eval 141,28] [%wdl 892,108,0]}) 30. Be5 $18 Rg8 31. Ra8 $2 {[%eval 113,26] [%wdl 672,328,0]} (31. Bf6 $18 {[%eval 520,24] [%wdl 1000,0,0] bietet bessere Gewinnchancen. Droht Matt per Se5.} Be7 32. g5 hxg5 33. hxg5 (33. Bxg5 f6 $11)) 31... g5 $16 32. Bf6 {Weiß hat aktiveres Spiel.} gxh4 $2 {[%eval 462,21] [%wdl 1000,0,0][%mdl 8192] Ein Albtraum für Schwarz.   Gewichteter Fehlerwert: Weiß=0.68/Schwarz=0.51.  Verlustzug:     	Weiß=1     	Schwarz=2     Gewinn verpasst:   	Weiß=1     	Schwarz=1     Fehler:       	Weiß=1     	Schwarz=1     Ungenau:       	Weiß=4     	Schwarz=5     OK:         	Weiß=9     	Schwarz=5     Bester:       	Weiß=2     	Schwarz=3} ({Besser ist} 32... Rg6 $1 $14 {[%eval 61,28] [%wdl 113,887,0]} 33. Bd8 (33. hxg5 hxg5 34. Bd8 f6 $14) 33... f6 (33... gxh4 34. Ne5 $16)) 1-0

[Event "Vereinsjugendmeisterschaft 2024"]
[Site "Steinfurt"]
[Date "2024.05.19"]
[Round "4.3"]
[White "Ricker, Liam"]
[Black "Hille, Julian"]
[Result "0-1"]
[WhiteElo "752"]
[BlackElo "1293"]
[Annotator "Taktische Analyse 6.4"]
[PlyCount "34"]
[Beauty "8250099242517"]
[GameId "2056110788174017"]
[EventDate "2024.??.??"]
[WhiteTeam "SC Steinfurt 1996 e. V."]
[BlackTeam "SC Steinfurt 1996 e. V."]

{[%evp 9,33,230,252,232,249,159,157,162,160,146,152,15,56,40,40,-451,-447,-434,-409,-578,-564,-597,-588,-29998,-29999,-29999]} 1. e4 d5 2. exd5 Nf6 3. Nc3 e6 4. Bb5+ Nbd7 $146 ({Vorgänger:} 4... Bd7 5. Bxd7+ Qxd7 6. dxe6 fxe6 7. Nf3 Nc6 8. d4 O-O-O 9. Be3 Bb4 10. O-O Rhe8 11. Ne5 Nxe5 12. dxe5 Bxc3 13. Qxd7+ Nxd7 14. bxc3 Nxe5 {0-1 Garcia Achilli,G (1156)-Schemper,A (1629) Villa Ballester op 73rd Buenos Aires 2024 (3)}) 5. dxe6 fxe6 6. Nf3 {B02: Aljechin-Verteidigung (Jagdvariante).} a6 7. Ba4 b5 8. Bb3 {Weiß steht deutlich besser.} Nc5 9. O-O Bb7 10. Ne5 {[%eval 15,26] [%wdl 49,935,16]} ({Vorzuziehen ist} 10. Qe2 $16 {[%eval 152,21] [%wdl 878,122,0]}) 10... Bd6 (10... Qd4 {hält die Spannung aufrecht.} 11. Qe2 Nxb3 12. axb3 Bd6) 11. Re1 O-O {[#] Zielt auf ...Lxe5 ab.} 12. Bxe6+ $2 {[%eval -451,22] [%wdl 0,0,1000][%mdl 8192]} Nxe6 $19 13. d4 c5 14. Bg5 {[%eval -578,28] [%wdl 0,0,1000]} (14. dxc5 {[%eval -409,25] [%wdl 0,0,1000] war angesagt.} Nxc5 (14... Bxc5 $2 15. Qxd8 Nxd8 16. Nd3 $19) 15. Bg5) 14... cxd4 15. Bxf6 Qxf6 16. Nd7 Qxf2+ 17. Kh1 Bxg2# {Schwarz nahm nach der Eröffnung die Zügel in die Hand. Unterhaltsam gespielt von Hille.   Gewichteter Fehlerwert: Weiß=1.44/Schwarz=0.13 (sehr präzise) .  Verlustzug:     	Weiß=1     	---        Fehler:       	Weiß=2     	---        Ungenau:       	Weiß=2     	Schwarz=1     OK:         	Weiß=2     	Schwarz=3} 0-1

[Event "Vereinsjugendmeisterschaft 2024"]
[Site "Steinfurt"]
[Date "2024.05.19"]
[Round "4.4"]
[White "Mennigen, Niklas"]
[Black "Iarosh, Andrii"]
[Result "1/2-1/2"]
[WhiteElo "1100"]
[BlackElo "1131"]
[Annotator "Admin"]
[PlyCount "50"]
[Beauty "6599083047953"]
[GameId "2056110788182210"]
[EventDate "2024.??.??"]
[WhiteTeam "SC Steinfurt 1996 e. V."]
[BlackTeam "SC Steinfurt 1996 e. V."]

{[%evp 9,50,20,76,28,34,17,21,19,19,21,24,7,10,9,41,0,0,0,0,0,0,0,0,0,0,-129,-123,-118,-127,-124,-122,-144,0,0,0,-5,-12,-843,0,0,0,0,0]} 1. d4 d5 2. Bf4 Bf5 3. Nf3 Nc6 4. e3 Nf6 5. Bd3 Bg6 {[%eval 76,22] [%wdl 325,673,2]} (5... e6 $11 {[%eval 20,26] [%wdl 64,920,16]}) 6. c3 {D02: Damenbauernspiele.} e6 7. Qc2 Bxd3 8. Qxd3 Ne4 9. Nbd2 f5 $146 ({Vorgänger:} 9... Nxd2 10. Qxd2 Bd6 11. Bg3 Qf6 12. Qd3 g6 13. e4 dxe4 14. Qxe4 O-O 15. Ne5 Qe7 16. Bh4 f6 {½-½ Schnepf,M (1070)-Hausberger,C (800) Styrian op U08/12 28th Mureck 2022 (9)}) 10. Ne5 Nxe5 11. Bxe5 {Droht stark Sxe4.} Bd6 12. Bxg7 Rg8 13. Be5 Bxe5 ({Bitte nicht} 13... Rxg2 $6 14. Bg3 $16) 14. dxe5 {Db5+ wäre nun fies.} Rxg2 15. Nxe4 fxe4 16. Qb5+ Kf7 17. Qxb7 {[%eval -129,25] [%wdl 0,215,785]} (17. O-O-O $11 {[%eval 0,29] [%wdl 16,968,16]}) 17... Rb8 $36 {[%mdl 2112] [#] Spiess. Schwarz hat starke Initiative.} 18. Qxa7 Rxb2 19. O-O-O Rbxf2 20. Rdf1 {[#]} Rxh2 {[%eval 0,50] [%wdl 11,978,11]} 21. Rxf2+ $11 Rxf2 22. Rxh7+ Kg6 23. Rxc7 {[%eval -843,25] [%wdl 0,0,1000][%mdl 8192]} (23. Qxc7 $11 {[%eval -12,26] [%wdl 5,977,18]} Qxc7 24. Rxc7) 23... Kh5 $2 {[%eval 0,40] [%wdl 9,982,9]} (23... Qh8 $19 {[%eval -843,25] [%wdl 0,0,1000][%cal Rh8h1]} 24. Rh7 Qxh7 25. Qxh7+ Kxh7) 24. Rh7+ Kg4 {(=)} 25. Qg7+ Qg5 {(=).   Gewichteter Fehlerwert: Weiß=0.39/Schwarz=0.49.  Verlustzug:     	Weiß=1     	---        Gewinn verpasst:   	---       	Schwarz=1     Fehler:       	Weiß=1     	Schwarz=1     Ungenau:       	Weiß=1     	Schwarz=1     OK:         	Weiß=5     	Schwarz=9     Bester:       	Weiß=1     	Schwarz=2} 1/2-1/2

[Event "Vereinsjugendmeisterschaft 2024"]
[Site "Steinfurt"]
[Date "2024.05.19"]
[Round "4.5"]
[White "Wiegand, Malte"]
[Black "Venmanns, Elisha David"]
[Result "1-0"]
[WhiteElo "958"]
[BlackElo "817"]
[PlyCount "27"]
[Beauty "8246337208325"]
[GameId "2056110788186307"]
[EventDate "2024.??.??"]
[WhiteTeam "SC Steinfurt 1996 e. V."]
[BlackTeam "SC Steinfurt 1996 e. V."]

{[%evp 9,26,-35,54,39,531,530,532,530,534,487,488,488,527,521,543,539,564,559,29999]} 1. e4 e5 2. Nf3 Nc6 3. Bb5 Nf6 4. Bxc6 bxc6 5. Nxe5 Nxe4 {[%eval 54,20] [%wdl 180,815,5]} (5... Qe7 $1 $15 {[%eval -35,23] [%wdl 10,887,103]} 6. d4 d6) 6. Qe2 {C65: Spanische Partie (Berliner-Verteidigung).} Nf6 {[%eval 531,28] [%wdl 1000,0,0][%mdl 8192]} (6... Qe7 $14 {[%eval 39,26] [%wdl 115,876,9]}) 7. Nxc6+ $18 {[%csl Oe8][%mdl 64] [#] Abzugsangriff (Schach)} Qe7 $146 ({Vorgänger:} 7... Be7 8. Nxd8 Kxd8 9. O-O Nh5 10. Qxh5 g6 11. Qe5 Re8 12. d4 Bd6 13. Bg5+ Re7 14. Bxe7+ Bxe7 15. Qh8+ Bf8 16. Qxf8# {1-0 Rodrigues,V-Watanabe,B Goiania op 2011 (3)}) 8. Nxe7 {Weiß steht klar auf Gewinn.} Bxe7 9. Qf3 Rb8 10. O-O Bb7 11. Qe2 Nd5 12. d3 Nf6 13. Re1 {[%csl Ge1][%cal Re2e7] [#]} d6 14. Qxe7# {Weiß übernahm nach der Eröffnung die Kontrolle.   Gewichteter Fehlerwert: Weiß=0.10 (sehr präzise) /Schwarz=1.41.  Verlustzug:     	---       	Schwarz=1     Ungenau:       	---       	Schwarz=1     OK:         	Weiß=5     	Schwarz=1     Bester:       	Weiß=1     	---} 1-0